000 00967cam a2200277 i 4500
001 18719607
005 20180115041421.0
008 150728s2009 nyua 001 0 eng d
010 _a 2015460114
020 _a9781435109575 (hardback)
020 _a1435109570
035 _a(OCoLC)ocn605365901
040 _aCHA
_beng
_erda
_cCHA
_dOCLCF
_dOCLCO
_dDLC
041 _aeng
042 _alccopycat
080 _a100 LOE
082 0 0 _a100 LOE
_223
100 _a24
101 _aFIL
245 0 0 _a30-second philosophies :
_ceditor, Barry Loewer ; foreword Stephen Law ; contributors Julian Baggini ... [and 4 others].
246 3 _aThirty-second philosophies
504 _aIncludes bibliographical references (p. 156-157) and index.
906 _a7
_bcbc
_ccopycat
_d2
_encip
_f20
_gy-gencatlg
942 _2ddc
_cBK
999 _c40234
_d40234